Matières de Rêves (Record no. 878)

MARC details
000 -CABECERA
campo de control de longitud fija 00842nam a2200205 a 4500
001 - NÚMERO DE CONTROL
campo de control BRCA_994
005 - FECHA Y HORA DE LA ÚLTIMA TRANSACCIÓN
campo de control 20190320203233.0
008 - DATOS DE LONGITUD FIJA--INFORMACIÓN GENERAL
campo de control de longitud fija 020603s2002####ag-a#####c---#000-0#eng-d
020 ## - NÚMERO INTERNACIONAL ESTÁNDAR DEL LIBRO
Número Internacional Estándar del Libro 188312414X
050 #4 - SIGNATURA TOPOGRÁFICA DE LA BIBLIOTECA DEL CONGRESO
Número de clasificación NK947
Número de documento/Ítem .H86 2002
100 1# - ENTRADA PRINCIPAL--NOMBRE DE PERSONA
Nombre de persona Hunter-Stiebel, Penelope
Fechas asociadas al nombre 1946-
9 (RLIN) 2172
245 10 - MENCIÓN DE TÍTULO
Título Matières de Rêves
Resto del título Stuff of Dreams : from the Paris Musée des Arts Décoratifs
Mención de responsabilidad, etc. Penelope Hunter-Stiebel, Odile Nouvel-Kammerer.
260 ## - PUBLICACIÓN, DISTRIBUCIÓN, ETC.
Lugar de publicación, distribución, etc. [Portland, Oregon]
Nombre del editor, distribuidor, etc. Portland Art Museum
Fecha de publicación, distribución, etc. 2002
300 ## - DESCRIPCIÓN FÍSICA
Extensión 174 p.
Otras características físicas il. a color
Dimensiones 30 cm.
500 ## - NOTA GENERAL
Nota general Catálogo de la exposición realizada en el Portland Art Museum (Oregon), 2 febrero - 28 abril, 2002
610 24 - PUNTO DE ACCESO ADICIONAL DE MATERIA--NOMBRE DE ENTIDAD CORPORATIVA
Nombre de entidad corporativa o nombre de jurisdicción como elemento de entrada Museo de Artes Decorativas (Francia)
Subdivisión de forma Exposiciones
9 (RLIN) 3280
650 14 - PUNTO DE ACCESO ADICIONAL DE MATERIA--TÉRMINO DE MATERIA
Término de materia o nombre geográfico como elemento de entrada Artes decorativas
Subdivisión de forma Exposiciones
Subdivisión geográfica Francia
9 (RLIN) 3281
700 1# - PUNTO DE ACCESO ADICIONAL--NOMBRE DE PERSONA
Nombre de persona Nouvel-Kammerer, Odile
9 (RLIN) 3282
942 ## - ELEMENTOS DE PUNTO DE ACCESO ADICIONAL (KOHA)
Fuente del sistema de clasificación o colocación Library of Congress Classification
Tipo de ítem Koha Libros
Holdings
Estado de retiro Estado de pérdida Estado dañado No para préstamo Localización permanente Ubicación/localización actual Fecha de adquisición Total de préstamos Signatura topográfica completa Código de barras Fecha visto por última vez Precio válido a partir de Tipo de ítem Koha
El ejemplar forma parte de la colección y puede ser consultado según las políticas vigentes.       Biblioteca del Museo Franz Mayer (Rogerio Casas-Alatriste) Biblioteca del Museo Franz Mayer (Rogerio Casas-Alatriste) 26/06/2008   NK947 .H86 2002 01487 22/03/2019 22/03/2019 Libros